000 005740000a22001930004500
003 LK-CoMWRAF
005 20230924173726.0
008 230817t1998 ||||| |||| 00| 0 eng d
040 _aLK-CoMWRAF
_dLK-CoMWRAF
_eLK-CoMWRAF
041 _aeng
082 _a396.5
_bPEF
110 _aPeople's Forum for Development Alternatives.
245 _aGarment Factory Women Workers:
_bA few selected Interviews
260 _aColombo:
_b Center for Society and Religion,
_c1998
300 _a122p. 22 cm,
490 _v 145 Quest.
650 _aGARMENT INDUSTRY-Sri Lanka
942 _cBK
999 _c201
_d201